Focus sur: Romilda Vane - Harry Potter - Statistiques

Statistiques générales
  • Ce quiz a été pris 57 fois
  • Le résultat moyen est 4 sur 6
Statistiques - réponses
Informations recherchées Réponses % Correct
Ecole fréquentée Poudlard
100%
Couleur des cheveux Noir
96%
Maison fréquentée Gryffondor
94%
Première apparition Harry Potter et le Prince de Sang-Mêlé
90%
Lieu de rencontre avec Harry Potter Poudlard Express
42%
Actrice l'interprétant dans les films Anna Shaffer
15%
Aucun quiz correspondant
Distribution des résultats
% des personnes avec chaque résultat
Percentile par nombre de réponses
Votre historique - résultats
Vous n’avez pas pris ce quiz